Normal view
MARC view
- تأليف الشهاوى، عادل ؛ م، مشارك محمد الشهاوي
Entry Personal Name
001 - CONTROL NUMBER
- control field: 32506
003 - CONTROL NUMBER IDENTIFIER
- control field: JO-AjAnu
005 - DATE AND TIME OF LATEST TRANSACTION
- control field: 20230606075449.0
008 - FIXED-LENGTH DATA ELEMENTS
- fixed length control field: 230606|| aca||aabn | a|a d
040 ## - CATALOGING SOURCE
- Original cataloging agency: JO-AjAnu
- Transcribing agency: JO-AjAnu
100 ## - HEADING--PERSONAL NAME
- Personal name: تأليف الشهاوى، عادل ؛ م، مشارك محمد الشهاوي
670 ## - SOURCE DATA FOUND
- Source citation: Work cat.: (JO-AjAnu)16699: تأليف الشهاوى، عادل ؛ م، مشارك محمد الشهاوي, author, موسوعة التشريعات الاقتصادية (2): الإختصاص الجنائي الموضوعى للمحاكم الإقتصادية